Flags of the Countries of the World in 1950 - Statistics

General Stats
  • This quiz has been taken 11 times
  • The average score is 83 of 91
Answer Stats
Picture Answer % Correct
Afghanistan
100%
Albania
100%
Andorra
100%
Argentina
100%
Australia
100%
Belgium
100%
Bhutan
100%
Bolivia
100%
Brazil
100%
Bulgaria
100%
Burma
100%
Canada
100%
Ceylon
100%
Chile
100%
China
100%
Colombia
100%
Costa Rica
100%
Cuba
100%
Czechoslovakia
100%
Denmark
100%
Dominican Republic
100%
East Germany
100%
Ecuador
100%
Egypt
100%
El Salvador
100%
Ethiopia
100%
Finland
100%
France
100%
Greece
100%
Guatemala
100%
Haiti
100%
Honduras
100%
Hungary
100%
Iceland
100%
India
100%
Indonesia
100%
Iran
100%
Iraq
100%
Ireland
100%
Israel
100%
Italy
100%
Japan
100%
Jordan
100%
Lebanon
100%
Liberia
100%
Liechtenstein
100%
Luxembourg
100%
Mexico
100%
Monaco
100%
Mongolia
100%
Nepal
100%
Netherlands
100%
New Zealand
100%
Nicaragua
100%
Muscat and Oman
80%
North Korea
80%
North Vietnam
80%
Norway
80%
Pakistan
80%
Panama
80%
Paraguay
80%
Peru
80%
Philippines
80%
Poland
80%
Portugal
80%
Republic of China
80%
Romania
80%
San Marino
80%
Saudi Arabia
80%
South Africa
80%
South Korea
80%
South Vietnam
80%
Soviet Union
80%
Spain
80%
Sweden
80%
Switzerland
80%
Syria
80%
Thailand
80%
Tibet
80%
Turkey
80%
United Kingdom
80%
United States
80%
Uruguay
80%
Vatican City
80%
Venezuela
80%
West Germany
80%
Yemen
80%
Yugoslavia
80%
Sikkim
60%
South Maluku
40%
Trieste
40%
No matching quizzes found
Score Distribution
Percent of People with Each Score
Percentile by Number Answered
Your Score History
You have not taken this quiz